Loading...
| Current Events | 1 | 20.00 | 100% | 100% | 0% |
| Fine Arts - Classical Music | 4 | 17.50 | 75% | 75% | 25% |
| Fine Arts - Other | 2 | 15.00 | 100% | 0% | 50% |
| Fine Arts - Painting and Sculpture | 4 | 7.50 | 50% | 25% | 0% |
| Geography | 1 | 10.00 | 100% | 0% | 0% |
| History - American | 4 | 10.00 | 75% | 25% | 0% |
| History - European | 4 | 15.00 | 100% | 25% | 25% |
| History - Other | 1 | 10.00 | 100% | 0% | 0% |
| History - World | 5 | 8.00 | 60% | 20% | 0% |
| Literature - American | 2 | 10.00 | 100% | 0% | 0% |
| Literature - British | 2 | 0.00 | 0% | 0% | 0% |
| Literature - European | 3 | 3.33 | 33% | 0% | 0% |
| Literature - World | 2 | 10.00 | 100% | 0% | 0% |
| Mythology | 3 | 13.33 | 100% | 0% | 33% |
| Philosophy | 1 | 0.00 | 0% | 0% | 0% |
| Pop Culture | 2 | 15.00 | 50% | 100% | 0% |
| Religion | 4 | 7.50 | 75% | 0% | 0% |
| Science - Biology | 3 | 10.00 | 100% | 0% | 0% |
| Science - Chemistry | 2 | 5.00 | 50% | 0% | 0% |
| Science - Other | 5 | 10.00 | 100% | 0% | 0% |
| Science - Physics | 3 | 13.33 | 100% | 33% | 0% |
| Social Science | 4 | 7.50 | 75% | 0% | 0% |